000 00436nam a2200157 i 4500
001 96661
003 ES-MaACL
005 20230906181944.0
007 t|
008 050629s1918 xxu ||||1| eng d
100 1 _aMallory, Frank B.
_975831
245 1 4 _aThe principles of Pathologic Histologic /
_cby Frank B. Mallory.
260 _aPhiladelphia :
_bW.B. Saunders,
_c1918.
300 _a677 p. ;
_c24 cm.
852 _aES-MaACL
_jE-1361
999 _c96661
_d96661